| 000 | 00605nam a2200229Ia 4500 | ||
|---|---|---|---|
| 003 | 0100 | ||
| 008 | 130303s9999 xx 000 0 und d | ||
| 020 | _a0271009381 | ||
| 040 | _cARRUPELIB | ||
| 050 | _aB2430.F724F684 1993 | ||
| 245 | _aFoucault and the critique of institutions | ||
| 260 | _aPennsylvania | ||
| 260 | _bPennsylvania State University Press | ||
| 260 | _C1993 | ||
| 300 | _aviii | ||
| 300 | _b 271p. 23cm. | ||
| 440 | _aGreater Philadelphia Philosophy Consortium | ||
| 650 | _aPHILOSOPHY | ||
| 650 | _bBible | ||
| 700 | _aCaputo, John and Yount, Mark (eds.) | ||
| 942 | 0 | 0 | _01 |
| 999 |
_c14852 _d14852 |
||